Statistics for Most WWE Wrestlemania Appearances

Click here to take the quiz!

General Stats

  • This quiz has been taken 978 times
  • The average score is 14 of 23

Answer Stats

Wrestlemania AppearancesAnswer% Correct
24The Undertaker
98%
20Triple H
96%
12John Cena
93%
12Hulk Hogan
92%
12Randy Orton
88%
11The Rock
85%
17Kane
83%
17Shawn Michaels
79%
10Edge
78%
15Big Show
71%
13Chris Jericho
65%
8Kurt Angle
56%
11Randy Savage
54%
9Christian
53%
8Matt Hardy
51%
11Rey Mysterio
51%
14Bret Hart
50%
8Chris Benoit
32%
10JBL
31%
8Owen Hart
22%
8Ted Dibiase
19%
8Jake 'The Snake' Roberts
12%
8Tito Santana
11%

Score Distribution

Percentile by Number Answered

Percent of People with Each Score

Your Score History

You have not taken this quiz